Statistics for Nintendo Entertainment System Games

Click here to take the quiz!

General Stats

  • This quiz has been taken 24 times
  • The average score is 17 of 23

Answer Stats

HintAnswer% Correct
BowserSuper Mario
100%
WartSuper Mario 2
100%
The return
of Bowser
Super Mario 3
100%
VampireCastlevania
93%
Save PeachDonkey Kong
93%
PillsDr. Mario
93%
GanonThe legend of
Zelda
93%
Save Donkey
Kong
Donkey Kong
Jr.
86%
Dr. WilyMega Man
86%
Little MacPunch Out
86%
MotorcycleExcitebike
71%
AngelKid Icarus
71%
Original MarioMario Bros
71%
Girl in a
red helmet
Metroid
71%
Yellow BallPac-Man
71%
Ganon's
Return
The Adventure
of Link
71%
SimonCastlevania 2
57%
EggplantIce Climber
57%
DeedeeKirby's
Adventure
57%
FootballTecmo Bowl
50%
Space shipGalaga
43%
Knight guy
with lances
Ghosts 'n
Goblins
43%
Shadow
Clones
Double
Dragons 2
14%

Score Distribution

Percentile by Number Answered

Percent of People with Each Score

Your Score History

You have not taken this quiz